000 02734nam0a2200421 4500
001 RU\NLR\BIBL_A\012862987
005 20221109100318.0
010 _a978-5-04-156439-1
_95000
021 _aRU
_bКН-П-22-037000
_9КН-П-22-3175
035 _a(NLR Aleph) 012862987
035 _a(RuMoRGB)011102690
090 _a12465283
_c12465283
100 _a20220809d2022 u y0rusy50 ca
101 1 _arus
_aeng
_ceng
102 _aRU
105 _aa z 000gy
181 0 _ai3
_baxxe
182 0 _an
200 1 _aО чем еще не смею рассказать...
_eстихи
_fМиша Коллинз
_g[перевод с английского С. Г.]
203 _aТекст
_bвизуальный
_cнепосредственный
210 _aМосква
_cБомбора
_cЭксмо
_d2022
215 _a153, [4] с.
_cил.
_d21
225 1 _aБелая лирика
_eстихи, покорившие мир
300 _aЗагл. и авт. ориг.: Some things i still can't tell you / Misha Collins
300 _aТекст парал. англ., рус.
330 _aПеред вами первый сборник стихов актера Миши Коллинза, моментально ставший бестселлером в США. В этой книге автор делится своими наблюдениями и размышлениями о жизни, любви, детях и родителях, друзьях и свободе быть собой. Как никогда прежде, Миша раскрывается перед читателями и показывает себя настоящего, возможно, слишком человечного и остро чувствующего этот сложный, запутанный, но захватывающий мир. Для удобства читателя и возможности познакомиться с оригинальным текстом в книге представлен как английский текст, так и его качественный перевод на русский язык
333 _a18+
454 0 _12001#$aSome things i still can't tell you$fMisha Collins
_1700#1$aCollins$bM.$gMisha
_tSome things i still can't tell you
_aCollins, Misha
686 1 _aШ6(7США)62-5{Лх1979-175}
686 1 _aШ6(7США)67-5{Лх1979-175}
686 2 _aШ6(2=Р)8-57(С.Г.)
700 1 _7ca
_8rus
_aКоллинз
_bМ.
_f1974-
_gМиша
_9248415
_3RU\NLR\AUTH\770248471
942 _cBOOK
980 _aNB